| 000 -LEADER |
| fixed length control field |
00839nam a22001817a 4500 |
| 005 - DATE AND TIME OF LATEST TRANSACTION |
| control field |
20240108150432.0 |
| 008 - FIXED-LENGTH DATA ELEMENTS--GENERAL INFORMATION |
| fixed length control field |
240108s1990 ru ||||| |||| 00| 0 rus d |
| 041 ## - LANGUAGE CODE |
| Language code of text/sound track or separate title |
rus |
| 080 ## - UNIVERSAL DECIMAL CLASSIFICATION NUMBER |
| Universal Decimal Classification number |
821.124 C-24 |
| 100 ## - MAIN ENTRY--PERSONAL NAME |
| Personal name |
Светоний, Гай Транквилл |
| 9 (RLIN) |
20588 |
| 245 ## - TITLE STATEMENT |
| Title |
Жизнь двенадцати цезарей / |
| Statement of responsibility, etc. |
Гай Светоний Транквилл; Пер. с латин., предисл. и примеч. М.Л. Гаспарова |
| 264 ## - PRODUCTION, PUBLICATION, DISTRIBUTION, MANUFACTURE, AND COPYRIGHT NOTICE |
| Place of production, publication, distribution, manufacture |
Москва : |
| Name of producer, publisher, distributor, manufacturer |
Художественная литература, |
| Date of production, publication, distribution, manufacture, or copyright notice |
1990. |
| 300 ## - PHYSICAL DESCRIPTION |
| Extent |
255 с. |
| Other physical details |
22 см. |
| 653 ## - INDEX TERM--UNCONTROLLED |
| keyword |
ძველი რომის ისტორია |
| 653 ## - INDEX TERM--UNCONTROLLED |
| keyword |
რომის კეისართა ცხოვრება |
| 700 ## - ADDED ENTRY--PERSONAL NAME |
| Personal name |
Гаспаров, М.Л. |
| Relator term |
რედაქტორი |
| 9 (RLIN) |
20499 |
| 942 ## - ADDED ENTRY ELEMENTS (KOHA) |
| Source of classification or shelving scheme |
|
| Koha item type |
წიგნი |